| 000 | 02368nam2a22003971 4500 | ||
|---|---|---|---|
| 001 | v19\rc\1934867 | ||
| 005 | 20260405163653.0 | ||
| 035 | _a(NLR Aleph) 005019355 | ||
| 090 |
_a6572329 _c6572329 |
||
| 100 | _a20080404d1912 k y0rusy50 ca | ||
| 101 | 0 | _arus | |
| 102 | _aRU | ||
| 105 | _aa z ||||| | ||
| 200 | 1 |
_aПодоходный налог во Франции _fА.М. Смирнов _gпредисл.: профессор М.И. Фридман |
|
| 210 |
_aС.-Петербург _cС.-Петербургский политехнический институт Императора Петра Великого _d1912 |
||
| 215 |
_aVI, 230 с. _cтабл. _d24 |
||
| 320 | _aБиблиогр.: "Указатель цитированной литературы и источников по вопросу о введении подоходного налога во Франции" (с. 227-230) | ||
| 461 | 0 |
_1001v19\rc\2060290 _12001#$aТруды студентов Экономического отделения С.-Петербургского политехнического института$v№ 9 _94766905 _aСанкт-Петербургский политехнический институт. Экономическое отделение _cС.-Петербург _d1909-1916 _nС.-Петербургский политехнический институт _o№ 1-20 _tТруды студентов Экономического отделения С.-Петербургского политехнического института _v№ 9 |
|
| 606 | 1 |
_aПодоходный налог _yФранция _91922843 _3RU\NLR\AUTH\66877315 |
|
| 686 | 1 | _aУ26(4Фр)141.34 | |
| 686 | 1 | _aХ829(4Фр)212.2 | |
| 700 | 1 |
_4340 _7ca _8rus _aСмирнов _bА. М. _cэкономист _f1884-1962 _gАлексей Михайлович _9240360 _3RU\NLR\AUTH\770240416 |
|
| 702 | 1 |
_4080 _8rus _7ca _aФридман _bМ. И. _f1875-1921 _gМихаил Исидорович _3RU\NLR\AUTH\7769768 _952696 |
|
| 801 | 0 |
_aRU _bNLR _gpsbo |
|
| 801 | 0 |
_aRU _bRuMoRGB _2psbo |
|
| 801 | 1 |
_aRU _bProSoft-M _2rusmarc |
|
| 852 |
_aNLR _j38.77.7.169 (9) |
||
| 899 |
_aRuMoRGB _jXXIV 9/18 (№ 9) |
||
| 899 |
_aRuMoRGB _jXXIV 9/19 |
||
| 899 |
_aRuMoRGB _jXXIV 9/20 |
||
| 899 | _aБАН | ||
| 899 | _aГПИБ | ||
| 899 | _aНБ МГУ | ||
| 942 | _cBOOK | ||
| 980 | _aNB | ||